[Event "Napoli Vomero Primavera op 4th"]
[Site "Napoli"]
[Date "2007.04.26"]
[Round "6"]
[White "Altieri, Danilo Mario"]
[Black "Lombardo, Michele"]
[Result "1-0"]
[WhiteElo "1974"]
[BlackElo "1758"]
[PlyCount "87"]
[EventDate "2007.03.22"]
[EventType "swiss"]
[EventRounds "7"]
[EventCountry "ITA"]
[SourceTitle "EXT 2010"]
[Source "ChessBase"]
[SourceDate "2010.11.25"]
[SourceVersion "1"]
[SourceVersionDate "2010.11.25"]
[SourceQuality "1"]

1. e4 g6 2. Nf3 Bg7 3. c3 c6 4. d4 d5 5. e5 Bg4 6. h3 Bxf3 7. Qxf3 e6 8. Bd3 Ne7 9. Bg5 Nd7 10. Nd2 c5 11. h4 h6 12. Be3 cxd4 13. cxd4 Nc6 14. Qg3 Qe7 15. a3 h5 16. f4 Bh6 17. Nf3 a6 18. Ng5 Nb6 19. Nxf7 Kxf7 20. Bxg6+ Kf8 21. f5 Bxe3 22. Rf1 exf5 23. Rxf5+ Kg8 24. Rf7 Qxf7 25. Bxf7+ Kxf7 26. Qxe3 Raf8 27. 0-0-0 Ke7 28. Qb3 Nd7 29. Qxd5 Rh6 30. Re1 Rc8 31. Kb1 Rg6 32. e6 Nf6 33. Qc5+ Kd8 34. Qf5 Ne7 35. Qf3 Rc7 36. Re5 Nc6 37. Rg5 Rxg5 38. hxg5 Ng4 39. Qh3 Rh7 40. g6 Rh6 41. g7 Ne7 42. d5 Nf6 43. d6 Ned5 44. Qg3 1-0